Normal view MARC view
  • Culley, Margo

Entry Personal Name

Number of records used in: 1

001 - CONTROL NUMBER

  • control field: 153631

003 - CONTROL NUMBER IDENTIFIER

  • control field: DLC

005 - DATE AND TIME OF LATEST TRANSACTION

  • control field: 20260414090939.0

008 - FIXED-LENGTH DATA ELEMENTS

  • fixed length control field: 840824n| azannaabn |a aaa

010 ## - LIBRARY OF CONGRESS CONTROL NUMBER

  • LC control number: n 84033570
  • Canceled/invalid LC control number: n 91126870

035 ## - SYSTEM CONTROL NUMBER

  • System control number: (OCoLC)oca01184013

040 ## - CATALOGING SOURCE

  • Original cataloging agency: DLC
  • Language of cataloging: eng
  • Description conventions: rda
  • Transcribing agency: DLC
  • Modifying agency: DLC
  • Modifying agency: OCoLC
  • Modifying agency: DLC
  • Modifying agency: NNCU-C
  • Modifying agency: DLC

100 1# - HEADING--PERSONAL NAME

  • Personal name: Culley, Margo

400 1# - SEE FROM TRACING--PERSONAL NAME

  • Personal name: Culley, Margaret

670 ## - SOURCE DATA FOUND

  • Source citation: Essays in feminist pedagogy, 1985:
  • Information found: CIP t.p. (Margo Culley)

670 ## - SOURCE DATA FOUND

  • Source citation: Chopin, K. The awakening, 1976:
  • Information found: title page (edited by Margaret Culley)

670 ## - SOURCE DATA FOUND

  • Source citation: UMass Amherst, Special Collections and University Archives : University Libraries Web page:
  • Information found: Margo Culley papers (Margaret (Margo) Culley; former Professor of English at UMass Amherst and contributor to the Program in Women's Studies; specialist in women's literature, particularly in women's autobiography and diaries as a literary form; research drew variously upon work in literature, history, American studies, and religion, exploring gender and genre, language, subjectivity, memory, cultural diversity, and narrative; between 1985 and 1994, she edited three volumes on American women's autobiographical writing, and another on feminist teaching in the college classroom)
Devinim Yazılım Eğitim Danışmanlık tarafından Koha'nın orjinal sürümü uyarlanarak geliştirilip kurulmuştur.